<?xml version="1.0" encoding="UTF-8"?><?xml-stylesheet type="text/xsl" href="static/style.xsl"?><OAI-PMH xmlns="http://www.openarchives.org/OAI/2.0/" xmlns:xsi="http://www.w3.org/2001/XMLSchema-instance" xsi:schemaLocation="http://www.openarchives.org/OAI/2.0/ http://www.openarchives.org/OAI/2.0/OAI-PMH.xsd"><responseDate>2026-06-02T15:22:24Z</responseDate><request verb="GetRecord" identifier="oai:riuma.uma.es:10630/17415" metadataPrefix="marc">https://riuma.uma.es/rest/oai/request</request><GetRecord><record><header><identifier>oai:riuma.uma.es:10630/17415</identifier><datestamp>2026-02-03T12:10:06Z</datestamp><setSpec>com_10630_2254</setSpec><setSpec>col_10630_37959</setSpec></header><metadata><record xmlns="http://www.loc.gov/MARC21/slim" xmlns:dcterms="http://purl.org/dc/terms/" xmlns:doc="http://www.lyncode.com/xoai" xmlns:xsi="http://www.w3.org/2001/XMLSchema-instance" xsi:schemaLocation="http://www.loc.gov/MARC21/slim http://www.loc.gov/standards/marcxml/schema/MARC21slim.xsd">
   <leader>00925njm 22002777a 4500</leader>
   <datafield ind2=" " ind1=" " tag="042">
      <subfield code="a">dc</subfield>
   </datafield>
   <datafield ind2=" " ind1=" " tag="720">
      <subfield code="a">Mártinez Alonso, Manuel</subfield>
      <subfield code="e">author</subfield>
   </datafield>
   <datafield ind2=" " ind1=" " tag="260">
      <subfield code="c">2019-03-06</subfield>
   </datafield>
   <datafield ind2=" " ind1=" " tag="520">
      <subfield code="a">Pasamos gran parte de nuestro tiempo frente a una pantalla. Frente a interfaces digitales diseñadas para contar algo. La web – dinámica, interactiva y accesible– nos brinda la oportunidad de diseñar esa experiencia: ¿De qué manera conocerán quiénes somos? ¿Cómo explorarán nuestras creaciones? ¿Cómo contarás tu historia? La web se ha convertido en un elemento fundamental para visibilizar el desarrollo de nuestra profesión, a modo de un intangible porfolio.&#xd;
&#xd;
Aprende nociones básicas del diseño web; Descubre referencias ejemplares; Conoce los elementos de una web dinámica, interactiva y accesible; Cómo crear tus propias experiencias; Y cómo comunicar tus proyectos creativos.</subfield>
   </datafield>
   <datafield ind1="8" ind2=" " tag="024">
      <subfield code="a">https://hdl.handle.net/10630/17415</subfield>
   </datafield>
   <datafield tag="653" ind2=" " ind1=" ">
      <subfield code="a">Páginas web (Diseño)</subfield>
   </datafield>
   <datafield ind2="0" ind1="0" tag="245">
      <subfield code="a">La web como proceso creativo</subfield>
   </datafield>
</record>
</metadata></record></GetRecord></OAI-PMH>